Normal view
MARC view
- Galdames, Carolina
Entry Nombre Personal
001 - NUMERO DE CONTROL
- campo de control: 53307
003 - IDENTIFICADOR DE NUMERO DE CONTROL
- campo de control: UPN
005 - FECHA Y HORA DE LA ÜLTIMA TRANSACCIÓN
- campo de control: 20240828130955.0
008 - DATOS DE LONGITUD FIJA
- campo de control de longitud fija: 240828|| acn||aabn | a|a d
024 7# - OTROS IDENTIFICADORES NORMALIZADOS
- Número normalizado o código: https://orcid.org/0000-0001-5523-7169
040 ## - FUENTE DE CATALOGACIÓN
- Agencia original de catalogación: MX-MxUPN
100 ## - ENCABEZAMIENTO - NOMBRE PERSONAL
- Nombre personal: Galdames, Carolina
370 ## - LUGAR ASOCIADO
- Associated country: Chile
373 ## - GRUPO ASOCIADO
- Associated group: Universidad Andrés Bello
670 ## - FUENTE EN LA QUE SE LOCALIZARON DATOS
- Cita de la fuente: En recurso en línea: Revista de la educación superior, vol. 53, no. 209, (2024)
- Información localizada: Página 81 (Carolina Galdames)
- Uniform Resource Identifier: http://resu.anuies.mx/ojs/index.php/resu/article/view/2751/681
902 ## - CATALOGADOR
- Catalogador: Leonor Sotres/280824
